Colección Jumex / (Record no. 1502)

MARC details
000 -LEADER
campo de control de longitud fija 00914nam a22002417a 4500
008 - DATOS DE LONGITUD FIJA--INFORMACIÓN GENERAL
campo de control de longitud fija 171123s1999 mx||||| |||| 00| 0 spa d
020 ## - NÚMERO INTERNACIONAL ESTÁNDAR DEL LIBRO
Número Internacional Estándar del Libro 9701829913
082 04 - NÚMERO DE LA CLASIFICACIÓN DECIMAL DEWEY
Número de clasificación 707.4
Número de ítem A791c
100 1# - ENTRADA PRINCIPAL--NOMBRE DE PERSONA
Nombre de persona Artigas, Gustavo.
9 (RLIN) 6114
245 10 - MENCIÓN DEL TÍTULO
Título Colección Jumex /
Mención de responsabilidad, etc. Gustavo Artigas ; diseño por Héctor Zamora ; Museo de Arte Carrillo Gil.
250 ## - MENCION DE EDICION
Mención de edición 1a edición.
260 ## - PUBLICACIÓN, DISTRIBUCIÓN, ETC.
Lugar de publicación, distribución, etc. México :
Nombre del editor, distribuidor, etc. CONACULTA ; INBA,
Fecha de publicación, distribución, etc. 1999.
300 ## - DESCRIPCIÓN FÍSICA
Extensión 70 p.
Otras características físicas ill (col).
505 0# - NOTA DE CONTENIDO CON FORMATO
Título Presentación
Mención de responsabilidad Osvaldo Sánchez.
Título Eugenio López: perfil de una colección
Mención de responsabilidad Megda Carranza.
Título En torno a la curaduría...
Mención de responsabilidad Patricia Martín.
653 10 - TÉRMINO DE INDIZACIÓN--NO CONTROLADO
Término no controlado Arte contemporáneo
653 10 - TÉRMINO DE INDIZACIÓN--NO CONTROLADO
Término no controlado Colecciones artísticas
653 10 - TÉRMINO DE INDIZACIÓN--NO CONTROLADO
Término no controlado Museos
653 10 - TÉRMINO DE INDIZACIÓN--NO CONTROLADO
Término no controlado Organizaciones artísticas independientes
653 10 - TÉRMINO DE INDIZACIÓN--NO CONTROLADO
Término no controlado Arte - México
653 10 - TÉRMINO DE INDIZACIÓN--NO CONTROLADO
Término no controlado Arte Latinoamericano
700 1# - ENTRADA AGREGADA--NOMBRE PERSONAL
Nombre de persona Zamora, Héctor.
Término indicativo de función/relación diseñador.
9 (RLIN) 4034
710 1# - ENTRADA AGREGADA--NOMBRE DE ENTIDAD CORPORATIVA
Nombre de entidad corporativa o nombre de jurisdicción como elemento de entrada Museo de Arte Carrillo Gil.
9 (RLIN) 1953
Holdings
Estatus retirado Estado de pérdida Fuente del sistema de clasificación o colocación Estado de daño No para préstamo Biblioteca de origen Biblioteca actual Ubicación en estantería Fecha de adquisición Total de préstamos Signatura topográfica completa Código de barras Visto por última vez Precio de reemplazo Tipo de ítem Koha
    Clasificación Decimal Dewey     Biblioteca LadoV Biblioteca LadoV   15/06/2018   707.4 A791c 001316 15/06/2018 15/06/2018 Material 01